| 000 | 01066nam a2200301 i 4500 | ||
|---|---|---|---|
| 003 | DO-SdBNP | ||
| 005 | 20230418110024.0 | ||
| 006 | a||||gr|||| 00| 0 | ||
| 007 | ta | ||
| 008 | 230414e1979 dr c|||gr|||| 001 ebeng d | ||
| 020 | _a9173281859 | ||
| 040 |
_aDO-SdBNP _bspa _cBNPHU _erda |
||
| 082 | 4 |
_222 _bS639t |
|
| 100 | 1 | 0 |
_954796 _q(Miguel Ángel Sosa Vásquez, 1947-) |
| 245 | 1 | 3 |
_aLa tragedia de una revolución inconclusa. / _cMichel Smiely; dibujo de portada, Geraldo Pacheco |
| 246 | _a"The tragedy of an unfinished revolution" | ||
| 264 | 3 | 4 |
_aEstocolmo, Suecia : _bFörfattares Bokmaskin, _c1979 |
| 300 |
_a239 páginas : _bIlustraciones, retratos ; _c21 cm |
||
| 336 |
_2rdaconten _atexto _btxt |
||
| 337 |
_2rdamedia _asin medición _bn |
||
| 338 |
_avolumen _bnc |
||
| 500 | _aIncluye datos biográficos del autor en la contraportada | ||
| 500 | _aLa Biblioteca posee el tomo 1 | ||
| 500 | _aIncluye bibliografía y notas al pie de páginas | ||
| 534 | _aEdición original en español. | ||
| 590 | _aInventariado 2023 / MF | ||
| 942 |
_2ddc _cLBS1 |
||
| 999 |
_c53258 _d53258 |
||